000 00439nam a2200169 i 4500
001 bg
100 1 _aIGLEWSKI, Michał
245 0 _aPascal-język wzorcowy :
_bPascal 6000 /
_cMichał Iglewski, Jan Macley, Stanisław Matwin.
250 _aWyd.2.
260 _aWarszawa,
_c1979.
700 1 _aMACLEY, Jan
700 1 _aMATWIN, Stanisław
040 _cBPK
041 _apol
942 _cKS
008 s pl f |000 0 pol
999 _c9987
_d9987
856 _uhttp://koha.tu.koszalin.pl/cgi-bin/koha/opac-detail.pl?biblionumber=9987
_yKatalog online BPK